Štandardy pre informačné systémy verejnej správy výnos Ministerstva financií Slovenskej republiky
Pokračovanie príspevku z predchádzajúceho čísla.
Saved in:
| Format: | Book Chapter |
|---|---|
| Language: | Slovak |
| Subjects: | |
| Tags: |
No Tags, Be the first to tag this record!
|
MARC
| LEADER | 00000naa a2200000 4500 | ||
|---|---|---|---|
| 001 | 0190013 | ||
| 005 | 20231120130302.0 | ||
| 041 | 0 | |a slo | |
| 044 | |a SK | ||
| 245 | 1 | 0 | |a Štandardy pre informačné systémy verejnej správy |b výnos Ministerstva financií Slovenskej republiky |
| 520 | |a Pokračovanie príspevku z predchádzajúceho čísla. | ||
| 610 | 2 | 0 | |a štandardy |
| 610 | 2 | 0 | |a systémy informačné |
| 610 | 2 | 0 | |a Slovensko |
| 610 | 2 | 0 | |a správa verejná elektronická |